Education of deaf children / (Record no. 18491)

MARC details
000 -CABECERA
campo de control de longitud fija 00816nam a2200205 a 4500
005 - FECHA Y HORA DE LA ÚLTIMA TRANSACCIÓN
campo de control 20240706063639.0
008 - ELEMENTOS DE LONGITUD FIJA--INFORMACIÓN GENERAL
campo de control de longitud fija 991125s1892 ea 000 0 eng u
035 ## - NÚMERO DE CONTROL DEL SISTEMA
Número de control de sistema UPN01000018491
049 ## - COLECCIÓN
Colección CE
050 #4 - SIGNATURA TOPOGRÁFICA DE LA BIBLIOTECA DEL CONGRESO
Número de clasificación HV2443 E6
Número de documento/Ítem E3
100 1# - ASIENTO PRINCIPAL--NOMBRE PERSONAL
Nombre de persona Gallaudet, Edward Miner,
Fechas asociadas al nombre 1837-1917
9 (RLIN) 41193
245 10 - MENCIÓN DE TÍTULO
Título Education of deaf children /
Mención de responsabilidad, etc. evidence of Edward Miner Gallaudet and Alexander Graham Bell ; ed. by Joseph C. Gordon.
260 ## - PUBLICACIÓN, DISTRIBUCIÓN, ETC.
Lugar de publicación, distribución, etc. Washington :
Nombre del editor, distribuidor, etc. Volta Bureau,
Fecha de publicación, distribución, etc. 1892.
300 ## - DESCRIPCIÓN FÍSICA
Extensión 261, 26 p., [10] h. de láms.
500 ## - NOTA GENERAL
Nota general "Presented to the Royal Commision of the United Kingdom onthe condition of the blind, the deaf and dumb, etc."
650 #4 - ASIENTO SECUNDARIO DE MATERIA - TERMINO TEMATICO
Término de materia o nombre geográfico como elemento de entrada Niños con discapacidad
Subdivisión general Educación
9 (RLIN) 1549
650 #4 - ASIENTO SECUNDARIO DE MATERIA - TERMINO TEMATICO
Término de materia o nombre geográfico como elemento de entrada NIÑOS SORDOS -
Subdivisión general EDUCACION
700 1# - ASIENTO SECUNDARIO--NOMBRE DE PERSONAL
Nombre de persona Bell, Alexander Graham,
Fechas asociadas al nombre 1847-1922
Término indicativo de función/relación coaut.
905 ## - TIPO DE MATERIAL
Tipo de material Libro
Holdings
Estado de retiro Estado de pérdida Fuente del sistema de clasificación o colocación Estado dañado No para préstamo Código de colección Localización permanente Ubicación/localización actual Ubicación en estantería Total de préstamos Clasificación Código de barras Fecha visto por última vez Número de copia Tipo de ítem Koha
    Library of Congress Classification   Coleccion Esp. Colección Especial Bib. Gregorio Torres Quintero Bib. Gregorio Torres Quintero Colección Especial   HV2443 E6 E3 41684 31/12/2020 1 Libro